000 00634nam a2200205 a 4500
001 000013129
005 20240412074237.0
008 091120s2004 dr 000 j spa d
020 _a9993404462
040 _aDO-SdBNP
_bspa
_cBNPHU
082 _aRD863.44
_bT217o
100 1 _aTatem Brache, Jaime,
_d1962-
_925117
245 1 3 _aLa otra cara del sueƱo /
_cJaime Tatem Brache.
260 _aSanto Domingo :
_bCocolo Editorial,
_c2004.
300 _a81 p. ;
_c21 cm.
590 _aInventariado, 2019/VM
650 0 _aCuentos dominicanos
_9176
650 0 _aLiteratura dominicana.
_967
910 _aValidado. Control de calidad MMOLINA
999 _c12771
_d12771